Normal view
MARC view
- Gal Iglesias, Beatriz
Entry Nombre personal
001 - NÚMERO DE CONTROL
- campo de control: 11191
003 - IDENTIFICADOR DE NÚMERO DE CONTROL
- campo de control: DLC
005 - FECHA Y HORA DE LA ÚLTIMA TRANSACCIÓN
- campo de control: 20230629140804.0
008 - ELEMENTOS DE DATO DE LONGITUD-FIJA
- campo de control de longitud fija: 191115n| azannaabn |a aaa c
010 ## - NÚMERO DE CONTROL DE LA BIBLIOTECA DEL CONGRESO
- Número de control de LC: ns2019003440
035 ## - NÚMERO DE CONTROL DEL SISTEMA
- Número de control de sistema: (CaEvSKY)skya12126007
040 ## - FUENTE DE CATALOGACIÓN
- Centro catalogador/agencia de origen: MX-XaUV
- Lengua de catalogación: eng
- Normas de descripción: rda
- Centro/agencia transcriptor: MX-XaUV
100 1# - ENCABEZAMIENTO-NOMBRE DE PERSONA
- Nombre de persona: Gal Iglesias, Beatriz
372 ## - CAMPO DE ACTIVIDAD
- Campo de actividad: Biology
- Campo de actividad: Neurosciences
- Fuente del término: lcsh
373 ## - GRUPO ASOCIADO
- Grupo asociado: Universidad Europea de Madrid
- Grupo asociado: Instituto Cajal
- Fuente del término: naf
374 ## - OCUPACIÓN
- Ocupación: Biologists
- Ocupación: College teachers
- Fuente del término: lcsh
375 ## - GÉNERO/SEXO
- Género: Females
- Fuente del término: lcdgt
377 ## - IDIOMA ASOCIADO
- Código del idioma: spa
400 1# - TRAZADO DE VÉASE--NOMBRE DE PERSONA
- Nombre de persona: Iglesias, Beatriz Gal
670 ## - FUENTE DE DATOS ENCONTRADOS
- Cita de la fuente: Bases de la fisiología, 2007:
- Información encontrada: title page (Beatriz Gal Iglesias ; teacher at the Universidad Europea de Madrid)
670 ## - FUENTE DE DATOS ENCONTRADOS
- Cita de la fuente: Universidad Europea, Facultad de Ciencias Biomédicas y de la Salud, via WWW, october 18, 2019
- Información encontrada: (Teacher and researcher of the Department of Basic Biomedical Sciences ; Bachelor of Biology ; Doctor in Neurosciences ; teacher at the Instituto Cajal of CSIC)
- Identificador Uniforme de Recursos: https://biomedicasysalud.universidadeuropea.es/profesor/beatriz-gal-iglesias